| 000 | 00598nam a2200193 a 4500 | ||
|---|---|---|---|
| 001 | 000027886 | ||
| 003 | DO-SdBNP | ||
| 005 | 20260304092050.0 | ||
| 008 | 110405s1998 dr ac 000 0 spa d | ||
| 040 |
_aDO-SdBNP _bspa _cBNPHU |
||
| 049 | _aBNPD | ||
| 082 |
_axxx _bO78r, 1998 |
||
| 100 | 1 |
_aOrtiz Bosch, Milagros, 1936- _926797 |
|
| 245 | 1 | 0 |
_aRindo cuenta : _bnoviembre 1996-octubre 1997, tercera entrega / _cMilagros OrtÃz Bosch. |
| 250 | _a3a ed. | ||
| 260 |
_aSanto Domingo : _bImpreso por Ediciones Computarizadas, _c1998. |
||
| 300 |
_a73 p. : _bil., retrs. ; _c1998. |
||
| 942 |
_2ddc _cLBS1 |
||
| 999 |
_c27378 _d27378 |
||